[Event "Berlin-ch QT"]
[Site "Berlin"]
[Date "2019.04.24"]
[Round "5"]
[White "Yilmaz, Rahmi"]
[Black "Groot, Patrick"]
[Result "1/2-1/2"]
[WhiteElo "1659"]
[BlackElo "2002"]
[PlyCount "102"]
[EventDate "2019.04.20"]
[EventType "swiss"]
[EventRounds "9"]
[EventCountry "GER"]
[SourceTitle "EXT 2020"]
[Source "ChessBase"]
[SourceDate "2019.10.17"]
[SourceVersion "1"]
[SourceVersionDate "2019.10.17"]
[SourceQuality "1"]

1. d4 Nf6 2. e3 g6 3. Bd3 Bg7 4. f4 0-0 5. Nf3 b6 6. 0-0 Bb7 7. f5 Ne4 8. fxg6 fxg6 9. Nbd2 d5 10. c3 h6 11. Qc2 Qd6 12. Nxe4 dxe4 13. Bxe4 Bxe4 14. Qxe4 Nd7 15. Bd2 e5 16. Nh4 Kh7 17. Rf3 Rxf3 18. Nxf3 Re8 19. Qh4 Bf6 20. Qh3 e4 21. Nh4 Qe7 22. Be1 Bg5 23. Qg3 Rf8 24. Nxg6 Kxg6 25. h4 Qf6 26. Bf2 Qxf2+ 27. Qxf2 Rxf2 28. Kxf2 Bxh4+ 29. Ke2 Nf6 30. c4 Kf5 31. Rc1 Kg4 32. c5 Nd5 33. cxb6 axb6 34. Rc6 Bg5 35. Re6 Nxe3 36. Rxe4+ Kg3 37. Rxe3+ Bxe3 38. Kxe3 h5 39. a4 h4 40. b4 Kxg2 41. a5 bxa5 42. bxa5 h3 43. a6 h2 44. a7 h1Q 45. a8Q+ Kg1 46. Qxh1+ Kxh1 47. d5 Kg2 48. Ke4 Kf2 49. Kd4 Kf3 50. Kc5 Ke4 51. Kc6 Ke5 1/2-1/2

[Event "Berlin-ch qualification"]
[Site "Berlin-Lichtenrade"]
[Date "2011.04.25"]
[Round "3.12"]
[White "Hadj Sassi, Nabil"]
[Black "Yilmaz, Rahmi"]
[Result "1-0"]
[WhiteElo "2000"]
[BlackElo "1766"]
[PlyCount "45"]
[EventDate "2011.04.23"]
[EventType "swiss"]
[EventRounds "9"]
[EventCountry "GER"]
[SourceTitle "EXT 2022"]
[Source "ChessBase"]
[SourceDate "2021.10.06"]
[SourceVersion "1"]
[SourceVersionDate "2021.10.06"]
[SourceQuality "1"]

1. b3 c5 2. Bb2 Nc6 3. Nf3 d5 4. e4 d4 5. Bc4 Bg4 6. Bxf7+ Kd7 7. h3 Bxf3 8. Qxf3 Nh6 9. Bc4 a6 10. 0-0 e6 11. c3 Ne5 12. Qe2 b5 13. cxd4 bxc4 14. dxe5 cxb3 15. axb3 Qb6 16. Qc4 g6 17. Nc3 Ke8 18. d4 cxd4 19. Na4 Qb5 20. Qxe6+ Be7 21. Nb6 Rb8 22. Nd5 Qd7 23. Nf6+ 1-0